| 000 | 00761nam a2200229 i 4500 | ||
|---|---|---|---|
| 001 | bg | ||
| 245 | 0 | 0 |
_aSterowanie i monitorowanie układów przemysłowych SM'2002 : _bV sympozjum naukowe, Lublin, 16-17 maja 2002 r. |
| 260 |
_aLublin : _bWydaw. PL, _c2002. |
||
| 300 |
_a122 s. : _bfot., rys., wykr. ; _c24 cm. |
||
| 500 | _aTyt. równol. : Control and monitoring of industrial systems. - Tekst częśc. ang. - Streszcz. ang. | ||
| 504 | _aBibliogr. przy ref. | ||
| 650 | 9 |
_aPrzemysł _xautomatyzacja |
|
| 650 | 9 | _aSterowanie | |
| 655 | _aMateriały konferencyjne | ||
| 020 | _a8389246600 | ||
| 040 | _cBPK | ||
| 041 | 0 |
_apoleng _beng |
|
| 080 | _a681.5(061) | ||
| 920 | _a83-89246-60-0 | ||
| 942 | _cKS | ||
| 008 | s pl f |000 0 pol | ||
| 999 |
_c43734 _d43734 |
||